| 000 | 00789nam a2200253 i 4500 | ||
|---|---|---|---|
| 001 | 15508 | ||
| 003 | ES-MaACL | ||
| 005 | 20230906151108.0 | ||
| 007 | t| | ||
| 008 | 000327s1998 ag ||||1| spa d | ||
| 020 | _a950-12-4215-3 | ||
| 080 | _a316.356.2:159.9 | ||
| 100 | 1 |
_aBurin, Mabel. _932689 |
|
| 245 | 1 | 0 |
_aGénero y familia _b: poder, amor y sexualidad en la construcción de la subjetividad / _cMabel Burin, Irene Meler. |
| 250 | _a1ª ed. | ||
| 260 |
_aBuenos Aires : _bPaidós, _c1998. |
||
| 300 |
_a437 p. ; _c22 cm. |
||
| 490 | 1 |
_aPsicología profunda ; _v215 |
|
| 650 | 4 |
_aFamilias- _xAspectos psicológicos. _9172487 |
|
| 700 | 1 |
_aMeler, Irene. _979939 |
|
| 830 | 1 |
_aPsicología profunda ; _v215 _9228581 |
|
| 852 |
_aES-MaACL _jL-22778 |
||
| 999 |
_c15508 _d15508 |
||